|
|
|
|
| LEADER |
00949nam a2200277 a 4500 |
| 001 |
671828 |
| 008 |
090406s1996 nyua b 001 0 eng de |
| 010 |
|
|
|a 95025338
|
| 020 |
|
|
|a 0072876034
|
| 020 |
|
|
|a 9780072876034
|
| 040 |
|
|
|a DLC
|c DLC
|d DLC
|
| 082 |
0 |
0 |
|a 100
|2 20
|
| 100 |
1 |
|
|a Moore, Brooke Noel.
|
| 245 |
1 |
0 |
|a Philosophy :
|b the power of ideas /
|c Brooke Noel Moore, Kenneth Bruder
|
| 250 |
|
|
|a 6th ed.
|
| 260 |
|
|
|a New York. :
|b McGraw-Hill Co.,
|c c2005.
|
| 300 |
|
|
|a xxv, 755 p. :
|b ill. ;
|c 24 cm.
|
| 504 |
|
|
|a Includes bibliographical references and index.
|
| 541 |
1 |
|
|e 00017508
|
| 650 |
|
0 |
|a Philosophy
|v Introductions.
|
| 650 |
|
0 |
|a Philosophy
|x History.
|
| 700 |
1 |
|
|a Bruder, Kenneth.
|
| 852 |
4 |
|
|a Ayesha Abed Library
|j General Shelf.
|
| 942 |
0 |
0 |
|0 1
|
| 999 |
|
|
|c 7438
|d 7438
|
| 952 |
|
|
|0 0
|1 0
|2 ddc
|4 0
|6 100_PHI_200500000000000
|7 0
|9 7974
|a BRACUL
|b BRACUL
|c GEN
|d 2010-02-10
|l 17
|m 76
|o 100 PHI
|p 3010017508
|r 2025-12-30
|s 2025-11-04
|t 1
|w 2010-02-10
|y BK
|